| 000 | 00564nam a22001817a 4500 | ||
|---|---|---|---|
| 003 | UA-OsUOA | ||
| 001 | 7478 | ||
| 007 | ta | ||
| 008 | 20040621b un ||||| |||| 00| 0 ukr d | ||
| 100 | _aСеліванова О.О. | ||
| 942 | _cSA | ||
| 040 |
_aUA-OsUOA _cUA-OsUOA _dUA-OsUOA |
||
| 245 | _aКонцептуалізація просторової орієнтації в українських фраземах | ||
| 300 | _aС.17-25 | ||
| 955 | _a0 | ||
| 773 | 0 |
_w0 _tМовознавство _dКиїв _d2004 _g№1 |
|
| 650 | 7 |
_aУкраїнська мова _2UDC |
|
| 999 |
_c293639 _d293639 |
||